VIII Conferencia Latinoamericana del CLEI, Centro Latinoamericano de Estudios en Informática (Record no. 47616)

MARC details
000 -LEADER
campo de control de longitud fija 01189nam a2200253 i 4500
001 - NÚMERO DE CONTROL
campo de control 47616
003 - IDENTIFICADOR DE NÚMERO DE CONTROL
campo de control ES-MaACL
005 - FECHA Y HORA DE LA ÚLTIMA TRANSACCIÓN
campo de control 20250902105031.0
007 - CAMPO FIJO DE DESCRIPCIÓN FÍSICA--INFORMACIÓN GENERAL
campo de control de longitud fija t|
008 - DATOS DE LONGITUD FIJA--INFORMACIÓN GENERAL
campo de control de longitud fija 030508s1981 ag ||||1| spa d
080 ## - NÚMERO DE LA CLASIFICACIÓN DECIMAL UNIVERSAL
Número de la Clasificación Decimal Universal 681.3(063)
111 2# - ENTRADA PRINCIPAL--NOMBRE DE CONGRESO/REUNIÓN
Nombre de congreso/reunión o jurisdicción como elemento de entrada Conferencia Latinoamericana del CLEI (
Número del congreso/reunión o número de parte o sección 8ª.
Fecha del congreso o de la firma del tratado 1981.
Sede del congreso/Lugar de la reunión Buenos Aires)
9 (RLIN) 213
245 10 - MENCIÓN DEL TÍTULO
Título VIII Conferencia Latinoamericana del CLEI, Centro Latinoamericano de Estudios en Informática
Resto del título : 12º Jornadas Argentinas de Informática e Investigaciones Operativas, Buenos Aires marzo 1981.
260 ## - PUBLICACIÓN, DISTRIBUCIÓN, ETC.
Lugar de publicación, distribución, etc. Buenos Aires :
Nombre del editor, distribuidor, etc. Sociedad Argentina de Informática e Investigación Operativa,
Fecha de publicación, distribución, etc. 1981.
300 ## - DESCRIPCIÓN FÍSICA
Extensión 2 v. ;
Dimensiones 28 cm.
500 ## - NOTA GENERAL
Nota general Precede al tit.: Panel'81 Expodata.
650 14 - PUNTO DE ACCESO ADICIONAL DE MATERIA--TÉRMINO DE MATERIA
Término de materia o nombre geográfico como elemento de entrada Informática-
Subdivisión general Congresos y asambleas.
9 (RLIN) 13761
710 2# - ENTRADA AGREGADA--NOMBRE DE ENTIDAD CORPORATIVA
Nombre de entidad corporativa o nombre de jurisdicción como elemento de entrada Centro Latinoamericano de Estudios en Informática.
9 (RLIN) 2753
710 2# - ENTRADA AGREGADA--NOMBRE DE ENTIDAD CORPORATIVA
Nombre de entidad corporativa o nombre de jurisdicción como elemento de entrada Sociedad Argentina de Informática e Investigación Operativa
9 (RLIN) 6635
711 2# - ENTRADA AGREGADA--NOMBRE DE REUNIÓN
Nombre de congreso/reunión o jurisdicción como elemento de entrada Jornadas Argentinas de Informática e Investigación Operativa
Número del congreso/reunión o número de parte o sección (12ª.
Fecha del congreso o de la firma del tratado 1981.
Sede del congreso/Lugar de la reunión Buenos Aires)
9 (RLIN) 774
740 0# - ENTRADA AGREGADA--TÍTULO RELACIONADO/ANALÍTICO NO CONTROLADO
Título relacionado o analítico no controlado Panel'81 Expodata.
852 ## - LOCALIZACIÓN
Ubicación ES-MaACL
Número de control de estantería G-533-34
Nota libre . - Donat. Ernesto García Camarero
Holdings
Estatus retirado Estado de pérdida Estado de daño No para préstamo Biblioteca de origen Biblioteca actual Ubicación en estantería Fecha de adquisición Fuente de adquisición Total de préstamos Signatura topográfica completa Código de barras Visto por última vez Precio de reemplazo Tipo de ítem Koha
        Biblioteca del Ateneo de Madrid Biblioteca del Ateneo de Madrid Depósito 2 17/01/2008     G-533-34 1050099 23/02/2023 23/02/2023 Libro impreso